| 000 | 01824nam a2200385 a 4500 | ||
|---|---|---|---|
| 001 | ebr10392772 | ||
| 003 | CaPaEBR | ||
| 006 | m u | ||
| 007 | cr cn||||||||| | ||
| 008 | 010327s2000 enk sb 001 0 eng | ||
| 010 | _z 00131318 | ||
| 020 | _z9780761964018 | ||
| 020 | _z0761964010 | ||
| 020 | _z0761964029 (pbk) | ||
| 020 | _z9780857026422 (e-book) | ||
| 040 |
_aCaPaEBR _cCaPaEBR |
||
| 035 | _a(OCoLC)649052286 | ||
| 041 | 1 |
_aeng _hita |
|
| 050 | 1 | 4 |
_aHM786 _b.S7713 2000eb |
| 082 | 0 | 4 |
_a302.3/5 _221 |
| 100 | 1 | _aStrati, Antonio. | |
| 240 | 1 | 0 |
_aSociologia dell'organizzazione. _lEnglish |
| 245 | 1 | 0 |
_aTheory and method in organization studies _h[electronic resource] : _bparadigms and choices / _cAntonio Strati. |
| 250 | _a1st UK ed. | ||
| 260 |
_aLondon ; _aThousand Oaks, Calif. : _bSAGE, _c2000. |
||
| 300 | _axiv, 233 p. | ||
| 504 | _aIncludes bibliographical references (p. [204]-227) and index. | ||
| 505 | 0 | _aPt. I. Themes and problems. 1. Society in a network of organizations ; 2. Organizations as social contexts ; 3. Weaving the organization together ; 4. The ethos, logos and pathos of organizational life ; 5. Thematic continuities and new insights -- Pt. II. Research and methods. 6. The methods of empirical organizational research ; 7. The pervasiveness of measurement ; 8. Qualitative methods and the computer. | |
| 533 |
_aElectronic reproduction. _bPalo Alto, Calif. : _cebrary, _d2013. _nAvailable via World Wide Web. _nAccess may be limited to ebrary affiliated libraries. |
||
| 546 | _aTranslated from the Italian. | ||
| 650 | 0 | _aOrganizational sociology. | |
| 655 | 7 |
_aElectronic books. _2local |
|
| 710 | 2 | _aebrary, Inc. | |
| 856 | 4 | 0 |
_uhttp://site.ebrary.com/lib/rucke/Doc?id=10392772 _zAn electronic book accessible through the World Wide Web; click to view |
| 999 |
_c89033 _d89033 |
||